000 00525nam a2200181Ia 4500
005 20250508163540.0
008 008 250505s9999 xx 000 0 hin d
037 _aTextual
040 _aFEDL
_beng
_cFEDL
041 _ahin
_2eng
084 _a891.433, GUP
_qFEDL
100 _aGupt Suresh Chandra Ed.
_9181047
245 0 _aHindi kavyashastra: Kaviyon ki avdharnayen
260 _aNew Delhi, India
_bGranth Akademi
_c1986
300 _a400p.
942 _cTEXL
_h891.433, GUP
999 _c1384011
_d1384011